| Поле | Инд. | ПП | Название | Значение |
|---|---|---|---|---|
| Тип записи | a | |||
| Библиографический уровень | b | |||
| 001 | Контрольный номер | 5cb1aec771c540d9a14d16dcb012abc8 | ||
| 005 | Дата корректировки | 20250116162116.2 | ||
| 008 | Кодируемые данные | 20170331 | ||
| 040 | b | Код языка каталог. | rus | |
| e | Правила каталог. | PSBO | ||
| 041 | 0_ | a | Код языка текста | rus |
| 084 | a | Индекс другой классификации/Индекс ББК | 67.400.621.3(2Рос) | |
| 100 | 1_ | a | Автор | Безруков А. В. |
| 100 | 1_ | a | Автор | Карасев А. Т. |
| 245 | 10 | a | Заглавие | Депутат: должностное лицо или представитель власти (вопросы соотношения и отличия) |
| 650 | 14 | a | Основная рубрика | право; конституционное право (государственное право) |
| 653 | 0_ | a | Ключевые слова | депутатская деятельность |
| a | Ключевые слова | депутатский мандат | ||
| a | Ключевые слова | депутаты | ||
| a | Ключевые слова | должностное лицо | ||
| a | Ключевые слова | конституционно-правовой статус | ||
| a | Ключевые слова | органы власти | ||
| a | Ключевые слова | полномочия парламента | ||
| a | Ключевые слова | публичная власть | ||
| a | Ключевые слова | Россия | ||
| 773 | 08 | t | Заглавие источника | Российская юстиция |
| d | Дата издания источника | 2020 | ||
| g | Прочая информация | № 2. - С. 6 - 8 | ||
| w | Контрольный № источника | bd79b8de93a941129b7f256c84795769 | ||
| 901 | t | Тип документа | b |